| 000 | 00403nam a2200157Ia 4500 | ||
|---|---|---|---|
| 008 | 210210b1968 xxu||||| |||| 00| 0 eng d | ||
| 082 | _a820 REEI | ||
| 100 | _aREES (R J). | ||
| 245 | _aIntroduction to English Literature. Ed.2 | ||
| 250 | _a | ||
| 260 |
_aLondon _bMacmillan & Co. Ltd. _c1968 |
||
| 300 | _avii,360 | ||
| 650 | _aEnglish Literature | ||
| 690 | _aEnglish Literature | ||
| 906 | _a029596 | ||
| 999 |
_c80810 _d80810 |
||